00666 2200241 4500001002100000005001700021008004100038020002200079035002400101041000800125043001300133082000800146090001900154100002500173245008200198260002700280300002900307504001300336650002200349700001900371850001200390999002200402YOGYA-0711000000089720110719080339.0 ind  a978-979-29-1436-8 0010-071100000000897 aInd aYOPD DIY a003 aDEP 003bNur B aNUR, Bustanul Arifin aBelajar mudah riset operasionalcBustanul Arifin Noer ; editor, Rosalana Fiva aYogyakartabAndic2010 aVI, 196 hlmbilusc23 cm ahlm. 195 aRiset Operasional aFiva, Rosalana aYOPDYOG aCB-D.11-2010-1759